យក្សក្នុងព្រៃ​ / (Record no. 1547)

MARC details
000 -LEADER
fixed length control field 01838nam a22003017a 4500
001 - CONTROL NUMBER
control field 1547
003 - CONTROL NUMBER IDENTIFIER
control field FISKH
005 - DATE AND TIME OF LATEST TRANSACTION
control field 20230907154611.0
008 - FIXED-LENGTH DATA ELEMENTS--GENERAL INFORMATION
fixed length control field 230906b cb ||||| |||| 00| 0 khrd
020 ## - INTERNATIONAL STANDARD BOOK NUMBER
International Standard Book Number 9789924341680
040 ## - CATALOGING SOURCE
Original cataloging agency FISKH
Language of cataloging eng
Transcribing agency FISKH
Modifying agency FISKH
082 ## - DEWEY DECIMAL CLASSIFICATION NUMBER
Classification number 363.72
100 ## - MAIN ENTRY--PERSONAL NAME
Personal name Omissi, Antiochus
245 ## - TITLE STATEMENT
Title យក្សក្នុងព្រៃ​ /
Statement of responsibility, etc. និពន្ធ និងគូររូបដោយ អានថៃខឹស អូមីស៊ី
246 ## - VARYING FORM OF TITLE
Title proper/short title Giant in the Jungle
Display text Written and illustrated by Antiochus Omissi
260 ## - PUBLICATION, DISTRIBUTION, ETC.
Place of publication, distribution, etc. Phnom Penh :
Name of publisher, distributor, etc. Sipar,
Date of publication, distribution, etc. 2022.
300 ## - PHYSICAL DESCRIPTION
Extent 41 pages :
Other physical details color illustrations ;
Dimensions 25 cm
490 ## - SERIES STATEMENT
Series statement រឿងដំបូងៗ
505 ## - FORMATTED CONTENTS NOTE
Formatted contents note G<br/><br/>
520 ## - SUMMARY, ETC.
Summary, etc. ស្រមោលយក្សមួយផុសឡើងផុតព្រៃ។ សត្វទាំងឡាយភ័យខ្លាច រត់បែកខ្ញែកគ្នា ហើយបាននាំគ្នាទៅប្រាប់ព្រឹទ្ធាចារ្យ។ ក្រោយមកពួកគេបានរកឃើញថា​នោះគឺជាគំនរផ្លាសស្ទិចដែលកកើតឡើងដោយសារមនុស្សជាអ្នកចោលសំរាមពាសវាលពាសកាល។
520 ## - SUMMARY, ETC.
Summary, etc. A giant shadow appeared out of the forest. The animals were frightened, ran away, and went to tell the elders. They later discovered that it was a pile of plastic formed by people dumping rubbish improperly.
521 8# - TARGET AUDIENCE NOTE
Target audience note 380 <br/><br/>
Source Lexile estimate <br/>
521 8# - TARGET AUDIENCE NOTE
Target audience note G <br/>
Source Raz-Plus <br/>
650 ## - SUBJECT ADDED ENTRY--TOPICAL TERM
Topical term or geographic name entry element យក្ស
Form subdivision ផ្លាស្ទិច
General subdivision មនុស្ស
Chronological subdivision ព្រៃ
650 ## - SUBJECT ADDED ENTRY--TOPICAL TERM
Topical term or geographic name entry element Giant
Form subdivision Plastic
General subdivision Human
Chronological subdivision Jungle
700 ## - ADDED ENTRY--PERSONAL NAME
Personal name Omissi, Antiocus
Relator term illustrator
942 ## - ADDED ENTRY ELEMENTS (KOHA)
Source of classification or shelving scheme Dewey Decimal Classification
Koha item type Books
Suppress in OPAC No
Holdings
Withdrawn status Lost status Source of classification or shelving scheme Damaged status Not for loan Collection Home library Current library Shelving location Date acquired Total Checkouts Full call number Barcode Date last seen Date last checked out Copy number Price effective from Koha item type
    Dewey Decimal Classification     Khmer Language Books / សៀវភៅភាសាខ្មែរ Footprints International School Library Network Toul Kork Campus Footprints International School Library Network Toul Kork Campus TK Campus, Room B402, Khmer Book Case 16, Shelves 112-123 / ទូរសៀវភៅខ្មែរលេខ ១៦​ ធ្នើរ ១១២ ដល់ ១២៣ បន្ទប់ B402 សាខាទួលគោក 09/06/2023 1 OMI 363.72 2023-0498 12/03/2024 08/23/2024 1 09/06/2023 Books
    Dewey Decimal Classification     Khmer Language Books / សៀវភៅភាសាខ្មែរ Footprints International School Library Network Toul Kork Campus Footprints International School Library Network Toul Kork Campus TK Campus, Room B402, Khmer Book Case 16, Shelves 112-123 / ទូរសៀវភៅខ្មែរលេខ ១៦​ ធ្នើរ ១១២ ដល់ ១២៣ បន្ទប់ B402 សាខាទួលគោក 09/06/2023 3 OMI 363.72 2023-0499 06/09/2025 02/14/2025 2 09/06/2023 Books